Culture géniale : Asia edition - Statistiques

Statistiques générales
  • Ce quiz a été pris 46 fois
  • Le résultat moyen est 5 sur 15
Statistiques - réponses
Question Réponse % Correct
Quel est le plus grand pays d'Asie ? Russie
79%
Quel est le pays le plus peuplé d'Asie ? Chine
71%
Quel est le pays d'Asie le plus riche ? Chine
60%
Pays d'Asie ayant le plus de morts dus à la Covid-19 Inde
55%
Personnalité la plus puissante d'Asie Xi Jinping (Président de la Chine)
55%
Quelle est la ville la plus peuplée d'Asie ? Tokyo (Japon)
52%
Quel est le plus petit pays d'Asie ? Macao
29%
Quel est le pays d'Asie le plus visité ? Chine
19%
Combien de pays y'a t il sur le continent Asiatique ? 47
17%
Entreprise la plus riche d'Asie Sinopec Group (Pétrole, Chine)
17%
Quel est le pays d'Asie avec l'IDH (Indicateur de Développement Humain) le plus fort ? Hong Kong
14%
Personne la plus riche d'Asie Zhong Shanshan (Wantai, Nongfu Spring, Chine)
12%
Quel est le pays d'Asie avec la plus forte densité (habitants/km2) Macao
10%
Pays d'Asie avec le plus haut taux de chômage Jordanie
7%
Quel est le pays d'Asie avec la plus forte espérance de vie ? Hong Kong
2%
Aucun quiz correspondant
Distribution des résultats
% des personnes avec chaque résultat
Percentile par nombre de réponses
Votre historique - résultats
Vous n’avez pas pris ce quiz